000 00863nam a2200277 c 4500
003 BLK
005 20220819150115.0
008 180408b bul|||||r ||||||| ||bul||
010 _aKNG00070428000
020 _a5-237-04817-Х
_bиздат.: АСТ
040 _aBLK
041 _aRUS
_cRUS
080 _aАмериканска литература (на САЩ)
_b821.111(73)
_x-31
_z821.111(73)-31
100 1 _aШелдон, Сидни
_eпърви автор
_9143139
139 _aШелдон, Сидни
_bШ 51
245 1 0 _aГнев ангелов
_bРоман
_cСидни Шелдон.
257 _aRUS
260 Москва
_bАСТ
_c2000
300 _a416 с.
_c16 см
380 _aX
852 _aЦб І 32249
856 4 _qpdf
_u
856 4 _qpdf
_u
942 _cKNG
_n0
_02
944 _aCR
_c09.01.2007
_kЦветанка_Енчева
944 _aED
_c28.02.2007
_k
999 _c66140
_d66140